[Event "Kvika Reykjavik Open 2022"]
[Site "Reykjavik, Iceland"]
[Date "2022.04.07"]
[Round "2.38"]
[White "Bartelt, Max Peter"]
[Black "Martin, Julian"]
[Result "0-1"]
[WhiteElo "1949"]
[BlackElo "2385"]
[PlyCount "90"]
[EventDate "2022.??.??"]

1. d4 {[%eval 3,0]} Nf6 {[%eval 23,0]} 2. Bg5 {[%eval 0,0]} d5 {[%eval 0,0]} 3.
Bxf6 {[%eval 0,0]} exf6 {[%eval 0,0]} 4. e3 {[%eval 0,0]} Be6 {[%eval 13,0]} 5.
g3 {[%eval 18,0]} Nd7 {[%eval 16,0]} 6. Bg2 {[%eval 35,0]} Bd6 {[%eval 44,0]}
7. Ne2 {[%eval 33,0]} O-O {[%eval 27,0]} 8. O-O {[%eval 29,0]} c6 {[%eval 46,0]
} 9. b3 {[%eval 37,0]} b5 {[%eval 4,0]} 10. Qd3 {[%eval 5,0]} Nb6 {[%eval 64,0]
} 11. Nf4 {[%eval 26,0]} Bxf4 {[%eval 43,0]} 12. exf4 {[%eval 58,0]} Qd7 {
[%eval 22,0]} 13. Nd2 {[%eval 57,0]} Bf5 $6 {[%eval 19,0] Inaccuracy. a5 was
best.} (13... a5 14. a4 g6 15. Rfe1 Kg7 16. axb5 cxb5 17. Nf1 Nc8 18. Ne3 Ne7
19. c4 bxc4 20. bxc4) 14. Qc3 {[%eval 19,0]} Qd6 $6 {[%eval 5,0] Inaccuracy.
a5 was best.} (14... a5 15. Rfe1 Nc8 16. Qc5 Be6 17. c4 Ne7 18. a4 bxc4 19.
bxc4 Rfb8 20. Rab1 g6 21. Rxb8+) 15. Qc5 $6 {[%eval 21,0] Inaccuracy. Rfc1 was
best.} (15. Rfc1 h5 16. Nf1 Be4 17. Ne3 Bxg2 18. Nxg2 f5 19. Nh4 g6 20. Qa5 Nd7
21. Nf3 Rfb8) 15... Qxc5 {[%eval 29,0]} 16. dxc5 {[%eval 42,0]} Nd7 {[%eval 48,
0]} 17. c4 $6 {[%eval 28,0] Inaccuracy. b4 was best.} (17. b4 Bxc2 18. Rfc1 Ba4
19. Nf3 g6 20. Re1 a5 21. a3 Nb8 22. Nd4 f5 23. Re7 axb4) 17... Nxc5 {[%eval
24,0]} 18. cxb5 {[%eval 32,0]} cxb5 {[%eval 19,0]} 19. Nb1 $2 {[%eval -57,0]
Mistake. Rfd1 was best.} (19. Rfd1 Ne4 20. Nxe4 dxe4 21. Rd5 g6 22. Rxb5 Rad8
23. Rb4 Rfe8 24. Ra4 Rd2 25. Re1 Be6) 19... Bxb1 $2 {[%eval 0,0] Mistake. Rac8
was best.} (19... Rac8 20. Nc3) 20. Raxb1 {[%eval 5,0]} Ne4 {[%eval 54,0]} 21.
Rbd1 {[%eval 7,0]} Nc3 {[%eval 24,0]} 22. Rd3 {[%eval 9,0]} Rac8 {[%eval 74,0]}
23. Kh1 $4 {[%eval -292,0] Blunder. Re1 was best.} (23. Re1 Rfd8) 23... Rfd8 {
[%eval -289,0]} 24. Rc1 {[%eval -300,0]} d4 {[%eval -122,0]} 25. Rc2 {[%eval
-122,0]} Rd6 {[%eval -106,0]} 26. b4 {[%eval -254,0]} g6 {[%eval -296,0]} 27.
h4 {[%eval -226,0]} f5 {[%eval -295,0]} 28. h5 $6 {[%eval -339,0] Inaccuracy.
a3 was best.} (28. a3 Rc4 29. Bf1 Ne4 30. Rb2 Kg7 31. Kg2 Rc1 32. Be2 Kf6 33.
h5 Ke6 34. Bd1 Rc3) 28... Kg7 {[%eval -395,0]} 29. Bf3 $6 {[%eval -595,0]
Inaccuracy. Bf1 was best.} (29. Bf1 Rc4) 29... Ne4 {[%eval -595,0]} 30. Re2 {
[%eval -577,0]} Rc3 {[%eval -404,0]} 31. Rxc3 {[%eval -583,0]} dxc3 {[%eval
-567,0]} 32. Rc2 {[%eval -572,0]} Rd3 {[%eval -555,0]} 33. Kg2 {[%eval -417,0]}
a6 {[%eval -557,0]} 34. g4 {[%eval -586,0]} Kf6 {[%eval -418,0]} 35. Rc1 {
[%eval -581,0]} Ke6 {[%eval -551,0]} 36. hxg6 hxg6 37. Bd1 Rd2 38. Bb3+ Ke7 39.
Rc2 fxg4 40. a4 g3 41. axb5 axb5 42. Kf3 gxf2 43. Rc1 f5 44. Kg2 Re2 45. Rc2
Nd2 0-1

[Event "Kvika Reykjavik Open 2022"]
[Site "Reykjavik, Iceland"]
[Date "2022.04.07"]
[Round "2.40"]
[White "Johansson, Carl Fredrik"]
[Black "Unhjem, Bjorn Robert Lovoll"]
[Result "1-0"]
[WhiteElo "2221"]
[BlackElo "1939"]
[PlyCount "191"]
[EventDate "2022.??.??"]

1. d4 {[%eval 3,0]} Nf6 {[%eval 23,0]} 2. c4 {[%eval 2,0]} e6 {[%eval 23,0]} 3.
Nc3 {[%eval 5,0]} Bb4 {[%eval 25,0]} 4. e3 {[%eval 0,0]} O-O {[%eval 21,0]} 5.
Bd3 {[%eval 0,0]} c5 {[%eval 38,0]} 6. Nf3 {[%eval 8,0]} d5 {[%eval 0,0]} 7.
O-O {[%eval 0,0]} cxd4 {[%eval 13,0]} 8. exd4 {[%eval 2,0]} dxc4 {[%eval 18,0]}
9. Bxc4 {[%eval 1,0]} Nbd7 {[%eval 38,0]} 10. Qe2 {[%eval 22,0]} Nb6 {[%eval
33,0]} 11. Bb3 {[%eval 37,0]} Nbd5 {[%eval 36,0]} 12. Bd2 {[%eval 32,0]} Be7 {
[%eval 39,0]} 13. Rfe1 {[%eval 17,0]} b6 {[%eval 26,0]} 14. Ne5 {[%eval 2,0]}
Bb7 {[%eval 37,0]} 15. Rad1 {[%eval 19,0]} Rc8 {[%eval 38,0]} 16. Qd3 {[%eval
0,0]} Qd6 $2 {[%eval 103,0] Mistake. a6 was best.} (16... a6 17. a4 Rc7 18. Qh3
Qd6 19. Bg5 Qb4 20. Na2 Qd6) 17. Qh3 {[%eval 105,0]} Nxc3 {[%eval 7,0]} 18.
bxc3 {[%eval 88,0]} Bd5 $2 {[%eval 221,0] Mistake. Ne4 was best.} (18... Ne4
19. Bc2) 19. Bc2 $2 {[%eval 89,0] Mistake. c4 was best.} (19. c4) 19... g6 {
[%eval 95,0]} 20. Bh6 {[%eval 95,0]} Rfe8 {[%eval 73,0]} 21. Bg5 {[%eval 52,0]}
Nh5 {[%eval 7,0]} 22. Bc1 $6 {[%eval 0,0] Inaccuracy. Bd2 was best.} (22. Bd2
a6 23. Bd3 b5 24. a4 Bb3 25. axb5 Bxd1 26. Rxd1 axb5 27. Bxb5 Red8 28. Qf3 Bf6)
22... Bxa2 $2 {[%eval 118,0] Mistake. b5 was best.} (22... b5 23. Bb3 Ng7 24.
Rd3 f6 25. Ng4 Qd7 26. Bxd5 Qxd5 27. Nh6+ Kh8 28. Rf3 Qxa2 29. Nf7+) 23. g4 {
[%eval 106,0]} Nf6 {[%eval 137,0]} 24. Bg5 $2 {[%eval 0,0] Mistake. Rd3 was
best.} (24. Rd3) 24... Rf8 {[%eval 45,0]} 25. Ra1 {[%eval 94,0]} Bd5 {[%eval
78,0]} 26. Rxa7 $6 {[%eval 0,0] Inaccuracy. Bf4 was best.} (26. Bf4 Qd8 27.
Rxa7 Ba8 28. Bd1 Nd5 29. Bh6 Rxc3 30. Bf3 Nc7 31. Bxf8 Qxf8 32. Qf1 Qb8) 26...
Rc7 {[%eval 15,0]} 27. Rxc7 {[%eval 3,0]} Qxc7 {[%eval 25,0]} 28. Qe3 {[%eval
31,0]} Rc8 {[%eval 5,0]} 29. c4 {[%eval 16,0]} Bxc4 {[%eval 24,0]} 30. Qf4 {
[%eval 25,0]} Qd8 {[%eval 12,0]} 31. Be4 {[%eval 12,0]} Bb5 {[%eval 13,0]} 32.
Rb1 $2 {[%eval 88,0] Mistake. Bb7 was best.} (32. Bb7 Rc7) 32... Be8 {[%eval
-81,0]} 33. Bb7 {[%eval -86,0]} Nd5 {[%eval -77,0]} 34. Bxe7 {[%eval -86,0]}
Qxe7 $2 {[%eval 37,0] Mistake. Nxf4 was best.} (34... Nxf4) 35. Bxd5 {[%eval 4,
0]} exd5 {[%eval 29,0]} 36. Rxb6 {[%eval 46,0]} Qa3 $2 {[%eval 197,0] Mistake.
h6 was best.} (36... h6 37. Kg2 Kg7 38. h4 f6 39. Nd3 g5 40. Qf5 Qe4+ 41. Qxe4
dxe4 42. Nc5 Bc6 43. Kg3) 37. Kg2 {[%eval 108,0]} Qe7 {[%eval 139,0]} 38. g5 {
[%eval 108,0]} Bd7 {[%eval 128,0]} 39. Rb7 $4 {[%eval -9,0] Blunder. Qf6 was
best.} (39. Qf6 Qxf6 40. gxf6 Be6 41. Nc6 Ra8 42. h4 h6 43. f3 Kh7 44. Kg3 g5
45. h5 Rc8) 39... Bh3+ {[%eval -3,0]} 40. Kxh3 {[%eval -93,0]} Qxb7 {[%eval -8,
0]} 41. Ng4 {[%eval -49,0]} Qe7 {[%eval -18,0]} 42. Nf6+ {[%eval -15,0]} Kg7 {
[%eval -97,0]} 43. Qh4 {[%eval -57,0]} h5 {[%eval -55,0]} 44. gxh6+ {[%eval
-59,0]} Kh8 {[%eval -63,0]} 45. Qf4 {[%eval -65,0]} Rd8 {[%eval -74,0]} 46. Ng4
{[%eval -55,0]} Rd6 {[%eval -62,0]} 47. Kg3 {[%eval -28,0]} f6 $2 {[%eval 62,0]
Mistake. Re6 was best.} (47... Re6) 48. h4 {[%eval 72,0]} Rb6 {[%eval 73,0]}
49. Qf3 {[%eval 5,0]} Kh7 {[%eval 18,0]} 50. h5 {[%eval 27,0]} f5 {[%eval 0,0]}
51. hxg6+ {[%eval 0,0]} Kxg6 {[%eval 0,0]} 52. Ne5+ {[%eval 0,0]} Kxh6 {
[%eval 0,0]} 53. Qxd5 {[%eval 11,0]} Kg7 {[%eval 6,0]} 54. Kf3 {[%eval 49,0]}
Rd6 {[%eval 52,0]} 55. Qc4 {[%eval 6,0]} Qb7+ {[%eval 47,0]} 56. Kg3 {[%eval
43,0]} Qa7 {[%eval 4,0]} 57. Qc1 {[%eval 18,0]} Qe7 {[%eval 17,0]} 58. Qf4 {
[%eval 18,0]} Qf6 {[%eval 11,0]} 59. Kf3 {[%eval 5,0]} Qe6 {[%eval 0,0]} 60.
Qg5+ {[%eval 0,0]} Kf8 {[%eval 0,0]} 61. Qh4 {[%eval 8,0]} Qb3+ {[%eval 0,0]}
62. Ke2 {[%eval 0,0]} Qb2+ {[%eval 0,0]} 63. Ke3 {[%eval 8,0]} Qc3+ {[%eval 0,
0]} 64. Ke2 {[%eval 0,0]} Qc2+ {[%eval 0,0]} 65. Ke3 {[%eval 9,0]} Qc1+ {
[%eval 5,0]} 66. Ke2 {[%eval 0,0]} Qb2+ {[%eval 0,0]} 67. Ke3 {[%eval 7,0]}
Qb3+ {[%eval 0,0]} 68. Ke2 {[%eval 0,0]} Qg8 {[%eval 0,0]} 69. Qh5 {[%eval 0,0]
} Qe6 {[%eval 0,0]} 70. Qh8+ {[%eval 0,0]} Ke7 {[%eval 0,0]} 71. Kd3 {[%eval 0,
0]} Qb3+ {[%eval 0,0]} 72. Ke2 {[%eval 0,0]} Qa2+ {[%eval 0,0]} 73. Kf1 {
[%eval 0,0]} Qe6 {[%eval 0,0]} 74. Qg7+ {[%eval 0,0]} Kd8 $6 {[%eval 89,0]
Inaccuracy. Ke8 was best.} (74... Ke8 75. Qh8+ Ke7 76. Qh4+ Kf8 77. Qh8+ Qg8
78. Qh5 Qe6) 75. Nf7+ {[%eval 101,0]} Kc7 {[%eval 116,0]} 76. Nxd6+ {[%eval 8,
0]} Kxd6 {[%eval 79,0]} 77. Qg3+ {[%eval 100,0]} Kd7 {[%eval 87,0]} 78. Qd3 {
[%eval 78,0]} Qd5 {[%eval 94,0]} 79. Ke2 {[%eval 104,0]} Ke6 $6 {[%eval 212,0]
Inaccuracy. Qa2+ was best.} (79... Qa2+ 80. Kf1 Qd5 81. f3 Ke6 82. Qe3+ Kd7 83.
Qf4 Qe6 84. Kf2 Kc6 85. Qc1+ Kd7 86. Qg5) 80. Qe3+ {[%eval 237,0]} Kf6 81. Qh6+
Kf7 82. Qh7+ Ke8 83. Qh8+ Kd7 84. Qe5 Qf7 85. Qb5+ Kc7 86. Qc5+ Kb7 87. Ke3 Qh5
88. Qe7+ Kc6 89. Qf6+ Kd7 90. Qg7+ Kd6 91. Qg3+ Kd7 92. Kf4 Kd6 93. Qa3+ Ke6
94. Qb3+ Kd6 95. Qb6+ Ke7 (95... Kd7) 96. Qc5+ 1-0

[Event "Kvika Reykjavik Open 2022"]
[Site "Reykjavik, Iceland"]
[Date "2022.04.07"]
[Round "2.41"]
[White "Arvidsson, Jonas"]
[Black "Villiers, Thomas"]
[Result "0-1"]
[WhiteElo "1942"]
[BlackElo "2219"]
[PlyCount "86"]
[EventDate "2022.??.??"]

1. e4 {[%eval 33,0]} e6 {[%eval 13,0]} 2. d4 {[%eval 24,0]} d5 {[%eval 25,0]}
3. Nd2 {[%eval 11,0]} Be7 {[%eval 33,0]} 4. Bd3 {[%eval 0,0]} c5 {[%eval 14,0]}
5. c3 {[%eval 2,0]} cxd4 {[%eval 21,0]} 6. cxd4 {[%eval 19,0]} dxe4 {[%eval 18,
0]} 7. Nxe4 {[%eval 17,0]} Nf6 {[%eval 23,0]} 8. Nf3 {[%eval 0,0]} Nbd7 {
[%eval 0,0]} 9. O-O {[%eval 0,0]} O-O {[%eval 12,0]} 10. Bf4 {[%eval 29,0]}
Nxe4 {[%eval 38,0]} 11. Bxe4 {[%eval 47,0]} Nf6 {[%eval 32,0]} 12. Bd3 {
[%eval 38,0]} b6 {[%eval 28,0]} 13. Rc1 {[%eval 5,0]} Bb7 {[%eval 46,0]} 14.
Be5 {[%eval 53,0]} Rc8 {[%eval 39,0]} 15. Qe2 {[%eval 55,0]} Qd5 {[%eval 42,0]}
16. b3 {[%eval 6,0]} Ne4 {[%eval 61,0]} 17. Bc4 {[%eval 78,0]} Qa5 {[%eval 8,0]
} 18. a4 {[%eval 87,0]} Nd6 {[%eval 57,0]} 19. Nd2 $6 {[%eval -65,0]
Inaccuracy. Bxd6 was best.} (19. Bxd6 Bxd6 20. Ne5 Bxe5 21. Qxe5 Qb4 22. Rfd1
Rfd8 23. h4 h6 24. Qf4 Qe7 25. Rd3 Rd7) 19... Nxc4 {[%eval -100,0]} 20. Nxc4 {
[%eval -62,0]} Qd5 {[%eval -86,0]} 21. Qg4 {[%eval -91,0]} f6 {[%eval -94,0]}
22. Ne3 {[%eval -83,0]} Qd7 {[%eval -58,0]} 23. Bg3 $4 {[%eval -261,0] Blunder.
Bf4 was best.} (23. Bf4 Rfd8) 23... f5 {[%eval -191,0]} 24. Qf4 {[%eval -219,0]
} g5 {[%eval -205,0]} 25. Rc7 {[%eval -228,0]} Qe8 $6 {[%eval -131,0]
Inaccuracy. Qd8 was best.} (25... Qd8 26. Qe5 Rxc7 27. Qxc7 Ba6 28. Rc1 f4 29.
Qxa7 Be2 30. Qb7 Ba3 31. Re1 Bh5 32. Nc2) 26. Qe5 {[%eval -274,0]} Bf6 {
[%eval -102,0]} 27. Qd6 {[%eval -293,0]} Rxc7 {[%eval -135,0]} 28. Qxc7 {
[%eval -193,0]} Ba6 {[%eval -157,0]} 29. Rc1 {[%eval -129,0]} f4 {[%eval -152,
0]} 30. Qxa7 {[%eval -131,0]} Bd3 {[%eval -191,0]} 31. Qxb6 {[%eval -195,0]}
Qd7 {[%eval -159,0]} 32. Ng4 {[%eval -296,0]} Bxd4 {[%eval -296,0]} 33. Qa5 {
[%eval -256,0]} fxg3 {[%eval -259,0]} 34. hxg3 $6 {[%eval -343,0] Inaccuracy.
Qxg5+ was best.} (34. Qxg5+ Qg7) 34... e5 {[%eval -381,0]} 35. Nxe5 $2 {
[%eval -625,0] Mistake. Ne3 was best.} (35. Ne3 Qf7) 35... Bxf2+ {[%eval -694,
0]} 36. Kh1 {[%eval -786,0]} Qe6 {[%eval -747,0]} 37. Rc6 {[%eval -891,0]} Bxg3
{[%eval -825,0]} 38. Nf3 Qxc6 39. Qxg5+ Qg6 40. Qd5+ Kh8 41. Qd4+ Qf6 42. Qxd3
Qa1+ 43. Ng1 Bf2 0-1

[Event "Kvika Reykjavik Open 2022"]
[Site "Reykjavik, Iceland"]
[Date "2022.04.07"]
[Round "2.42"]
[White "Povah, Nigel E"]
[Black "Vemparala, Nikash"]
[Result "1/2-1/2"]
[WhiteElo "2216"]
[BlackElo "1923"]
[PlyCount "46"]
[EventDate "2022.??.??"]

1. d4 {[%eval 3,0]} d5 {[%eval 35,0]} 2. Bf4 {[%eval 0,0]} Nf6 {[%eval 0,0]} 3.
e3 {[%eval 9,0]} e6 {[%eval 11,0]} 4. Nd2 {[%eval 5,0]} Bd6 {[%eval 14,0]} 5.
Bg3 {[%eval 0,0]} O-O {[%eval 5,0]} 6. Bd3 {[%eval 13,0]} b6 {[%eval 0,0]} 7.
c3 {[%eval 0,0]} c5 {[%eval 48,0]} 8. Ngf3 {[%eval 11,0]} Bb7 {[%eval 6,0]} 9.
Qb1 {[%eval 0,0]} h6 {[%eval 14,0]} 10. O-O {[%eval 35,0]} Bxg3 {[%eval 36,0]}
11. hxg3 {[%eval 38,0]} Nbd7 {[%eval 42,0]} 12. Re1 {[%eval 24,0]} Qc7 {
[%eval 35,0]} 13. e4 {[%eval 31,0]} dxe4 {[%eval 35,0]} 14. Nxe4 {[%eval 32,0]}
Nxe4 {[%eval 5,0]} 15. Bxe4 {[%eval 14,0]} Bxe4 {[%eval 13,0]} 16. Qxe4 {
[%eval 8,0]} Nf6 {[%eval 0,0]} 17. Qh4 {[%eval 13,0]} cxd4 {[%eval 28,0]} 18.
Nxd4 {[%eval 17,0]} Qc5 {[%eval 24,0]} 19. Qf4 {[%eval 2,0]} Rfd8 {[%eval 2,0]}
20. Re5 {[%eval 38,0]} Rd5 {[%eval 8,0]} 21. Rae1 {[%eval 25,0]} Rad8 {[%eval
32,0]} 22. R5e2 {[%eval 82,0]} Qd6 $6 {[%eval 27,0] Inaccuracy. h5 was best.} (
22... h5) 23. Qf3 {[%eval 62,0]} Nd7 {[%eval 68,0]} 1/2-1/2

[Event "Kvika Reykjavik Open 2022"]
[Site "Reykjavik, Iceland"]
[Date "2022.04.07"]
[Round "2.43"]
[White "Ragnarsson, Johann"]
[Black "Cherniack, Alex"]
[Result "0-1"]
[WhiteElo "1913"]
[BlackElo "2213"]
[PlyCount "74"]
[EventDate "2022.??.??"]

1. d4 {[%eval 3,0]} Nf6 {[%eval 23,0]} 2. c4 {[%eval 2,0]} g6 {[%eval 3,0]} 3.
Nc3 {[%eval 31,0]} d5 {[%eval 2,0]} 4. Bf4 {[%eval 12,0]} Bg7 {[%eval 22,0]} 5.
e3 {[%eval 5,0]} c5 {[%eval 35,0]} 6. dxc5 {[%eval 22,0]} Qa5 {[%eval 13,0]} 7.
Rc1 {[%eval 22,0]} dxc4 {[%eval 28,0]} 8. Bxc4 {[%eval 36,0]} O-O {[%eval 37,0]
} 9. Nf3 {[%eval 44,0]} Nbd7 {[%eval 22,0]} 10. O-O {[%eval 32,0]} Nxc5 {
[%eval 1,0]} 11. Nb5 {[%eval 6,0]} Ne6 $6 {[%eval 94,0] Inaccuracy. Be6 was
best.} (11... Be6 12. Qc2 a6 13. Nbd4 Bxc4 14. Qxc4 Ncd7 15. Qc7 Qxc7 16. Rxc7
Rfc8 17. Rxb7 Nc5 18. Rc7) 12. Be5 {[%eval 98,0]} a6 {[%eval 112,0]} 13. Nc7 {
[%eval 62,0]} Nxc7 {[%eval 76,0]} 14. Bxc7 {[%eval 56,0]} Qh5 {[%eval 35,0]}
15. Ne5 $6 {[%eval 58,0] Inaccuracy. h3 was best.} (15. h3 Bd7 16. Qb3 b5 17.
Be2 Qd5 18. Nd4 Qxb3 19. axb3 Rac8 20. Bf3 Ne8 21. Bb6 Nd6) 15... Ne8 $6 {
[%eval 7,0] Inaccuracy. Qxd1 was best.} (15... Qxd1 16. Rfxd1 Ne8 17. Nd7 Bxd7
18. Rxd7 Bxb2 19. Rc2 Nf6 20. Rxe7 Ba3 21. Re5 Rfc8 22. Bb3) 16. Bxf7+ $4 {
[%eval -187,0] Blunder. Be2 was best.} (16. Be2 Qf5 17. Bg4 Qg5 18. Nd7 Bxd7
19. Bxd7 Bxb2 20. Bf4 Qf6 21. Rb1 Be5 22. Bxe5 Qxe5) 16... Rxf7 {[%eval -12,0]}
17. Nxf7 {[%eval -169,0]} Qxd1 {[%eval -184,0]} 18. Rfxd1 $6 {[%eval -109,0]
Inaccuracy. Nh6+ was best.} (18. Nh6+ Bxh6) 18... Kxf7 {[%eval -278,0]} 19. Rd8
{[%eval -264,0]} b5 $4 {[%eval 75,0] Blunder. Bxb2 was best.} (19... Bxb2) 20.
Ba5 {[%eval 68,0]} Bb7 {[%eval 31,0]} 21. Rxa8 {[%eval 32,0]} Bxa8 {[%eval 33,
0]} 22. Rc8 $6 {[%eval 95,0] Inaccuracy. Bc3 was best.} (22. Bc3 Bh6 23. Bd4
Bb7 24. h4 Bf8 25. b3 Ke6 26. f3 h5 27. Kf2 Bh6 28. Ke2 Kd7) 22... Be4 {
[%eval 94,0]} 23. Bc3 {[%eval -61,0]} Nd6 {[%eval -52,0]} 24. Rc7 {[%eval -52,
0]} Bxc3 {[%eval -31,0]} 25. Rxc3 {[%eval -19,0]} a5 {[%eval -34,0]} 26. f3 $6
{[%eval -193,0] Inaccuracy. h4 was best.} (26. h4 Bb1) 26... Bb1 {[%eval -194,
0]} 27. a4 {[%eval -112,0]} bxa4 {[%eval -293,0]} 28. e4 $6 {[%eval -324,0]
Inaccuracy. Rc5 was best.} (28. Rc5 Ba2 29. Rxa5 Bb3 30. Ra7 Nc4 31. Kf2 Nxb2
32. Ke2 Ke6 33. Kd2 Nc4+ 34. Kd3 Kd6) 28... Ba2 {[%eval -351,0]} 29. Kf1 $6 {
[%eval -561,0] Inaccuracy. Rc5 was best.} (29. Rc5 Nc4) 29... Nc4 30. Ke1 Bb3
31. f4 Ke6 32. g4 Nxb2 33. Kd2 Nc4+ 34. Kc1 a3 35. Kb1 a4 36. Ka1 a2 37. h4 Na3
0-1

[Event "Kvika Reykjavik Open 2022"]
[Site "Reykjavik, Iceland"]
[Date "2022.04.07"]
[Round "2.44"]
[White "Roe, Simon J"]
[Black "Mirza, Diana"]
[Result "1/2-1/2"]
[WhiteElo "2211"]
[BlackElo "1905"]
[PlyCount "95"]
[EventDate "2022.??.??"]

1. c4 {[%eval 23,0]} c5 {[%eval 3,0]} 2. Nf3 {[%eval 31,0]} Nc6 {[%eval 43,0]}
3. Nc3 {[%eval 25,0]} g6 {[%eval 39,0]} 4. e3 {[%eval 47,0]} Nf6 {[%eval 4,0]}
5. d4 {[%eval 44,0]} cxd4 {[%eval 36,0]} 6. exd4 {[%eval 55,0]} d5 {[%eval 44,
0]} 7. Bg5 $6 {[%eval 25,0] Inaccuracy. cxd5 was best.} (7. cxd5 Nxd5 8. Qb3
Nxc3 9. Bc4 Nd5 10. Bxd5 e6 11. Bxc6+ bxc6) 7... Ne4 $6 {[%eval 71,0]
Inaccuracy. Be6 was best.} (7... Be6 8. c5 Ne4 9. Bf4 Bg7 10. Bb5 O-O 11. h3
Qa5 12. Bxc6) 8. cxd5 {[%eval 101,0]} Nxc3 {[%eval 82,0]} 9. bxc3 {[%eval 82,0]
} Qxd5 {[%eval 88,0]} 10. Qb3 {[%eval 136,0]} Qe4+ {[%eval 119,0]} 11. Be3 {
[%eval 125,0]} e6 {[%eval 134,0]} 12. Rd1 {[%eval 167,0]} Bg7 {[%eval 156,0]}
13. Bd3 $6 {[%eval 102,0] Inaccuracy. c4 was best.} (13. c4 O-O 14. Bd3 Qg4 15.
O-O b6 16. h3 Qh5 17. Be2 Bb7 18. d5 Na5 19. Qa4 Qf5) 13... Qd5 {[%eval 98,0]}
14. Qa3 {[%eval 78,0]} Qa5 {[%eval 63,0]} 15. Qxa5 $6 {[%eval 3,0] Inaccuracy.
Qc1 was best.} (15. Qc1) 15... Nxa5 {[%eval 1,0]} 16. Ne5 {[%eval 7,0]} O-O {
[%eval 22,0]} 17. O-O {[%eval 32,0]} f6 $4 {[%eval 134,0] Blunder. b6 was best.
} (17... b6 18. Nc4 Nxc4 19. Bxc4 Bb7 20. Be2 Rfc8 21. Rc1 e5 22. dxe5 Bxe5 23.
Rfd1 Be4 24. g4) 18. Nc4 {[%eval 54,0]} Nxc4 {[%eval 54,0]} 19. Bxc4 {[%eval
73,0]} Bd7 {[%eval 76,0]} 20. d5 {[%eval 45,0]} e5 $2 {[%eval 187,0] Mistake.
Rfe8 was best.} (20... Rfe8 21. Bb3 b6 22. Rfe1 Rac8 23. h4 exd5 24. Rxd5 Be6
25. Rd7 Bxb3 26. axb3 Rxc3 27. Rxa7) 21. d6+ {[%eval 205,0]} Kh8 {[%eval 106,0]
} 22. Bd5 {[%eval 154,0]} Rac8 {[%eval 177,0]} 23. Bxb7 $6 {[%eval 122,0]
Inaccuracy. Bxa7 was best.} (23. Bxa7 Rxc3 24. f4 Bh6 25. fxe5 fxe5 26. Rfe1
Re8 27. Bb6 Ra3 28. Bc5 Rc3 29. Bb4 Re3) 23... Rxc3 {[%eval 148,0]} 24. Rc1 {
[%eval 102,0]} Rd3 $4 {[%eval 375,0] Blunder. Rxc1 was best.} (24... Rxc1 25.
Rxc1 Rd8 26. Bxa7 Bf8 27. Bb6 Rb8 28. Rc7 Rd8 29. Bc5 Be6 30. Rc6 Rb8 31. Rb6)
25. Be4 {[%eval 389,0]} Ra3 {[%eval 393,0]} 26. Rc7 {[%eval 375,0]} Rd8 {
[%eval 361,0]} 27. Rxa7 $4 {[%eval 76,0] Blunder. Rb1 was best.} (27. Rb1 Bf8
28. Rbb7 Be6 29. Rxh7+ Kg8 30. Bxg6 Rxd6 31. h4 Ra4 32. h5 Rd1+ 33. Kh2 Rh4+)
27... Rxa7 {[%eval 33,0]} 28. Bxa7 {[%eval 45,0]} Bf8 {[%eval 61,0]} 29. Bc5 {
[%eval 17,0]} Be6 $2 {[%eval 162,0] Mistake. Ba4 was best.} (29... Ba4 30. Rb1
f5 31. Bf3 Bxd6 32. Be3 Kg7 33. h4 f4 34. Rb7+ Rd7 35. Rxd7+ Bxd7 36. Bb6) 30.
Rd1 $2 {[%eval 16,0] Mistake. a4 was best.} (30. a4 f5 31. Bb7 Bxd6 32. Bxd6
Rxd6 33. a5 Bc4 34. Ra1 Ba6 35. Bxa6 Rxa6 36. Kf1 e4) 30... Bxa2 {[%eval 33,0]}
31. g3 {[%eval 26,0]} f5 {[%eval 34,0]} 32. Bb7 {[%eval 24,0]} Kg7 {[%eval 17,
0]} 33. f4 {[%eval 0,0]} exf4 {[%eval 0,0]} 34. gxf4 {[%eval 0,0]} Kf6 {
[%eval 41,0]} 35. Kg2 {[%eval 0,0]} Be6 $6 {[%eval 89,0] Inaccuracy. Ke6 was
best.} (35... Ke6 36. h4 Kd7 37. Kg3 Rb8 38. Bf3 Bg7 39. h5 Rb3 40. hxg6 hxg6
41. Bd4 Bxd4 42. Rxd4) 36. Bd4+ {[%eval 7,0]} Kf7 {[%eval 66,0]} 37. Be5 {
[%eval 72,0]} Bg7 {[%eval 69,0]} 38. Rc1 {[%eval 53,0]} Bf8 {[%eval 63,0]} 39.
Rc7+ $6 {[%eval 0,0] Inaccuracy. Rd1 was best.} (39. Rd1 Bg7) 39... Rd7 $4 {
[%eval 291,0] Blunder. Kg8 was best.} (39... Kg8 40. d7 Kf7 41. Bc8 Bg7 42. Bd6
Bf8) 40. Bc6 $4 {[%eval 14,0] Blunder. Kg3 was best.} (40. Kg3) 40... Rxc7 {
[%eval 5,0]} 41. dxc7 {[%eval 8,0]} Bc8 {[%eval 6,0]} 42. Bd5+ {[%eval 15,0]}
Ke7 {[%eval 11,0]} 43. Kg3 {[%eval 12,0]} h6 {[%eval 18,0]} 44. Kf2 {[%eval 0,
0]} g5 {[%eval 24,0]} 45. Ke3 {[%eval 3,0]} Kd7 {[%eval 4,0]} 46. fxg5 hxg5 47.
Bf6 Bd6 48. Bxg5 1/2-1/2

[Event "Kvika Reykjavik Open 2022"]
[Site "Reykjavik, Iceland"]
[Date "2022.04.07"]
[Round "2.45"]
[White "Schmidt, Kai-Uwe"]
[Black "Jaksland, Tim"]
[Result "0-1"]
[WhiteElo "1904"]
[BlackElo "2203"]
[PlyCount "69"]
[EventDate "2022.??.??"]

1. d4 {[%eval 3,0]} Nf6 {[%eval 23,0]} 2. Nf3 {[%eval 12,0]} e6 {[%eval 27,0]}
3. Bg5 {[%eval 0,0]} h6 {[%eval 0,0]} 4. Bxf6 {[%eval 9,0]} Qxf6 {[%eval 0,0]}
5. e4 {[%eval 0,0]} d6 {[%eval 0,0]} 6. Nc3 {[%eval 7,0]} g6 {[%eval 15,0]} 7.
Qd2 {[%eval 27,0]} Bg7 {[%eval 1,0]} 8. O-O-O {[%eval 46,0]} Qe7 {[%eval 34,0]}
9. h4 {[%eval 51,0]} h5 $2 {[%eval 68,0] Mistake. Nd7 was best.} (9... Nd7) 10.
Kb1 {[%eval 72,0]} Bh6 $6 {[%eval 141,0] Inaccuracy. Bd7 was best.} (10... Bd7
11. a3) 11. Qe1 $2 {[%eval 31,0] Mistake. Ng5 was best.} (11. Ng5) 11... a6 {
[%eval 54,0]} 12. Be2 {[%eval 46,0]} Nd7 {[%eval 46,0]} 13. Nd2 $6 {[%eval 5,0]
Inaccuracy. Ng5 was best.} (13. Ng5 b5 14. f4 Bb7 15. a3 c5 16. f5 b4 17. fxe6
fxe6 18. axb4 cxb4 19. Na4 O-O) 13... b6 {[%eval 8,0]} 14. g3 {[%eval 29,0]}
Bg7 $6 {[%eval 27,0] Inaccuracy. b5 was best.} (14... b5) 15. Nb3 {[%eval 16,0]
} c5 {[%eval 34,0]} 16. f4 {[%eval 1,0]} Bb7 {[%eval 2,0]} 17. Rf1 {[%eval 0,0]
} cxd4 {[%eval 16,0]} 18. Nxd4 {[%eval 9,0]} O-O $6 {[%eval 55,0] Inaccuracy.
Nf6 was best.} (18... Nf6 19. Bf3) 19. Bf3 $2 {[%eval 57,0] Mistake. g4 was
best.} (19. g4 hxg4 20. Bxg4 Nf6 21. Bf3 e5 22. Nde2 exf4 23. Nxf4 Rae8 24. h5
Nxe4 25. Bxe4 Bxe4) 19... b5 {[%eval 5,0]} 20. a3 {[%eval 96,0]} Rac8 {[%eval
64,0]} 21. Nde2 $6 {[%eval -94,0] Inaccuracy. f5 was best.} (21. f5 Ne5) 21...
Nb6 {[%eval -41,0]} 22. Rd3 $2 {[%eval -273,0] Mistake. g4 was best.} (22. g4
b4 23. axb4 Nc4 24. gxh5 d5 25. Nxd5 exd5 26. e5 Ne3 27. Nd4 Nxf1 28. Qxf1 Qxh4
) 22... Rfd8 $4 {[%eval -79,0] Blunder. Nc4 was best.} (22... Nc4) 23. f5 {
[%eval -77,0]} Be5 24. Qf2 Nd7 25. Nf4 Nf8 26. Qe2 Bxf4 27. gxf4 Qxh4 28. fxg6
fxg6 29. Qg2 Rc5 30. e5 Bxf3 31. Qxf3 d5 32. Qe3 Rc4 33. Ne2 Rdc8 34. c3 Re4
35. Qd2 0-1